000 00866nam a2200253Ia 4500
003 OSt
005 20220930092220.0
006 a|||||r|||| 00| 0
007 ta
008 220926b |||||||| |||| 00| 0 eng d
024 _a19092
037 _cTheses
040 _aCRL
_cCRL
_beng
041 _2eng
_aeng
100 _aSingh Jyotish Nendra Pratap
_9548185
110 _aUniversity of Delhi. Faculty of Mathematical Sciences. Department of Operational Research
245 0 _aSoftware reliability growth modeling, multi upgradations and their release.
260 _c2014
650 _aOPERATIONS RESEARCH
700 _a Dr. Ompal Singh Gu.
_9542986
700 _aUniversity of Delhi. Faculty of Mathematical Sciences. Department of Operational Research
942 _cDIS
_2CC
999 _c883415
_d883415